00376nam a2200121Ia 45000010005000000080041000050820023000461000076000692450046001452600021001919010027002129990015002391774241024s9999 xx 000 0 und d aRD/792.028/R426c/3 aRepública Dominicana. Secretaría de Estado de Educación y Cultura 0aCuadernos de arte No.3. Artes Escénicas bEd. Tallerc1997 a27/9/2011 8:16:02 a.m. c7936d7936